LEADER 01596nam 2200493 450 001 9910169659303321 005 20200716050409.0 010 $a0-9751229-8-3 010 $a0-9751229-7-5 035 $a(CKB)3170000000064783 035 $a(SSID)ssj0000824079 035 $a(PQKBManifestationID)11433640 035 $a(PQKBTitleCode)TC0000824079 035 $a(PQKBWorkID)10773308 035 $a(PQKB)10464950 035 $a(MiAaPQ)EBC4931802 035 $a(WaSeSS)Ind00074590 035 $a(EXLCZ)993170000000064783 100 $a20170825h20042004 uy 0 101 0 $aeng 135 $aurcnu|||||||| 181 $ctxt 182 $cc 183 $acr 200 10$aHumanities Research Centre $ea history of the first 30 years of the HRC at The Australian National University /$fGlen St. John Barclay and Caroline Turner 210 1$aCanberra, Australia :$cANU E Press,$d2004. 210 4$dİ2004 215 $a1 online resource (400 pages) $cillustrations 300 $aBibliographic Level Mode of Issuance: Monograph 320 $aIncludes bibliographical references. 606 $aHumanities$xResearch$zAustralia 606 $aHumanities$xStudy and teaching (Higher)$zAustralia 615 0$aHumanities$xResearch 615 0$aHumanities$xStudy and teaching (Higher) 676 $a001.3 700 $aBarclay$b Glen St. John$f1930-$0778688 702 $aTurner$b Caroline 801 0$bMiAaPQ 801 1$bMiAaPQ 801 2$bMiAaPQ 906 $aBOOK 912 $a9910169659303321 996 $aHumanities Research Centre$92220232 997 $aUNINA